00537 a2200157 4500010001400000020002300014035001300037037001600050082001200066245009300078260003400171270010100205300003500306500002100341700001700362 aENG-89967 a8189975289c250.00 aEN-73500 bDBAD / PUB14a641.5631 aHealthy food for superkids/cedited by Karen Anand & compiled by the Chef's Team of RKHS aChennaibWestland Booksc2007 a571, Poonamallee High Road, Kamraj Bhavan, AminjikaraibChennaie600 002mewb@airtelbroadband.in axv, 159p.b23 cm. (Pbk.)cill. aIncludes index aAnand, Karen